书目信息 |
| 题名: |
马克思“技术与现代性”批判及其当代价值研究
|
|
| 作者: | 于春玲 著 | |
| 分册: | ||
| 出版信息: | 沈阳 辽宁人民出版社 2022.09 |
|
| 页数: | 353页 | |
| 开本: | 24cm | |
| 丛书名: | ||
| 单 册: | ||
| 中图分类: | A811.693 | |
| 科图分类: | ||
| 主题词: | 马克思主义--ma ke si zhu yi--技术哲学--研究 | |
| 电子资源: | ||
| ISBN: | 978-7-205-10527-3 | |
| 000 | 01592nam0 2200277 450 | |
| 001 | CAL 012022026967 | |
| 005 | 20230217093111.0 | |
| 010 | @a978-7-205-10527-3@dCNY88.00 | |
| 100 | @a20220929d2022 em y0chiy0120 ea | |
| 101 | 0 | @achi |
| 102 | @aCN@b210000 | |
| 105 | @ay a 000yy | |
| 106 | @ar | |
| 200 | 1 | @a马克思“技术与现代性”批判及其当代价值研究@Ama ke si “ ji shu yu xian dai xing ” pi pan ji qi dang dai jia zhi yan jiu@d= Research on Marx's critique of "technology and modernity" and its contemporary value@f于春玲著@zeng |
| 210 | @a沈阳@c辽宁人民出版社@d2022.09 | |
| 215 | @a353页@d24cm | |
| 300 | @a本书为国家社会科学基金一般项目“马克思‘技术与现代性’批判及其当代价值研究”的最终成果 | |
| 320 | @a有书目 (第335-351页) | |
| 330 | @a本书是关于马克思“技术与现代性”思想的学术著作。本书立足于文化哲学的理论视阈, 运用文本研究、宏观考察与微观分析结合、认知与评价统一等方法, 沿着“本质”与“实存”的双重进路进行分析。一方面, 分析马克思“技术与现代性”批判思想的“本质”, 揭示其思想来源、逻辑进程及内在机制 ; 另一方面, 考察马克思“技术与现代性”批判的“实存”, 揭示其后现代意蕴与当代价值, 实现马克思“技术与现代性”批判思想与当代世界和中国的对接与对话。在理论分析与实践阐释的结合中, 力求达到对马克思“技术与现代性”批判思想的系统研究与完整阐释。 | |
| 510 | 1 | @aResearch on Marx's critique of "technology and modernity" and its contemporary value@zeng |
| 606 | 0 | @a马克思主义@Ama ke si zhu yi@x技术哲学@x研究 |
| 690 | @aA811.693@v5 | |
| 701 | 0 | @a于春玲@Ayu chun ling@4著 |
| 801 | 0 | @aCN@bBJXHZP@c20230228 |
| 905 | @b1380979-83@dA811.693@e432@f5 | |
| 906 | @aRTGM | |
| 马克思“技术与现代性”批判及其当代价值研究= Research on Marx's critique of "technology and modernity" and its contemporary value/于春玲著.-沈阳:辽宁人民出版社,2022.09 |
| 353页;24cm |
| 本书为国家社会科学基金一般项目“马克思‘技术与现代性’批判及其当代价值研究”的最终成果 |
| ISBN 978-7-205-10527-3:CNY88.00 |
| 本书是关于马克思“技术与现代性”思想的学术著作。本书立足于文化哲学的理论视阈, 运用文本研究、宏观考察与微观分析结合、认知与评价统一等方法, 沿着“本质”与“实存”的双重进路进行分析。一方面, 分析马克思“技术与现代性”批判思想的“本质”, 揭示其思想来源、逻辑进程及内在机制 ; 另一方面, 考察马克思“技术与现代性”批判的“实存”, 揭示其后现代意蕴与当代价值, 实现马克思“技术与现代性”批判思想与当代世界和中国的对接与对话。在理论分析与实践阐释的结合中, 力求达到对马克思“技术与现代性”批判思想的系统研究与完整阐释。 |
| ● |
| 相关链接 |
|
|
|
|
正题名:马克思"技术与现代性"批判及其当代价值研究
索取号:A811.693/432
 
预约/预借
| 序号 | 登录号 | 条形码 | 馆藏地/架位号 | 状态 | 备注 |
| 1 | 1380979 | 213809798 | 第一样本阅览室/ [索取号:A811.693/432] | 在馆 | |
| 2 | 1380980 | 213809805 | 第一借阅区/ [索取号:A811.693/432] | 在馆 | |
| 3 | 1380981 | 213809814 | 第一借阅区/ [索取号:A811.693/432] | 在馆 | |
| 4 | 1380982 | 213809823 | 第一借阅区/ [索取号:A811.693/432] | 在馆 | |
| 5 | 1380983 | 213809832 | 第一借阅区/ [索取号:A811.693/432] | 在馆 |